Higher Vedolizumab Clearance Associates with Poor Therapeutic Outcomes during Intravenous Vedolizumab Maintenance Therapy in Crohn's Disease
Vedolizumab clearance (CL) outperforms serum trough concentrations in predicting therapeutic outcomes in Crohn's disease. Higher CL was significantly associated with reduced remission rates, supporting CL as a pharmacokinetic marker for optimizing vedolizumab therapy.
Elmentve itt :
| Szerzők: | |
|---|---|
| Dokumentumtípus: | Cikk |
| Megjelent: |
2026
|
| Sorozat: | INFLAMMATORY BOWEL DISEASES
32 No. 2 |
| Tárgyszavak: | |
| doi: | 10.1093/ibd/izaf255 |
| mtmt: | 36438900 |
| Online Access: | http://publicatio.bibl.u-szeged.hu/39328 |
| LEADER | 01428nab a2200337 i 4500 | ||
|---|---|---|---|
| 001 | publ39328 | ||
| 005 | 20260215125110.0 | ||
| 008 | 260215s2026 hu o 000 eng d | ||
| 022 | |a 1078-0998 | ||
| 024 | 7 | |a 10.1093/ibd/izaf255 |2 doi | |
| 024 | 7 | |a 36438900 |2 mtmt | |
| 040 | |a SZTE Publicatio Repozitórium |b hun | ||
| 041 | |a eng | ||
| 100 | 1 | |a Anjie Suzanne I | |
| 245 | 1 | 0 | |a Higher Vedolizumab Clearance Associates with Poor Therapeutic Outcomes during Intravenous Vedolizumab Maintenance Therapy in Crohn's Disease |h [elektronikus dokumentum] / |c Anjie Suzanne I |
| 260 | |c 2026 | ||
| 300 | |a 390-393 | ||
| 490 | 0 | |a INFLAMMATORY BOWEL DISEASES |v 32 No. 2 | |
| 520 | 3 | |a Vedolizumab clearance (CL) outperforms serum trough concentrations in predicting therapeutic outcomes in Crohn's disease. Higher CL was significantly associated with reduced remission rates, supporting CL as a pharmacokinetic marker for optimizing vedolizumab therapy. | |
| 650 | 4 | |a Gasztroenterológia és hepatológia | |
| 700 | 0 | 1 | |a D'Haens Geert R. |e aut |
| 700 | 0 | 1 | |a Baert Filip |e aut |
| 700 | 0 | 1 | |a Bossuyt Peter |e aut |
| 700 | 0 | 1 | |a Hoentjen Frank |e aut |
| 700 | 0 | 1 | |a Clasquin Esme |e aut |
| 700 | 0 | 1 | |a Molnár Tamás |e aut |
| 700 | 0 | 1 | |a Lowenberg Mark |e aut |
| 700 | 0 | 1 | |a Vermeire Severine |e aut |
| 700 | 0 | 1 | |a Panetta J. Carl |e aut |
| 700 | 0 | 1 | |a Dervieux Thierry |e aut |
| 856 | 4 | 0 | |u http://publicatio.bibl.u-szeged.hu/39328/1/izaf255.pdf |z Dokumentum-elérés |